Mecánica para ingenieros: dinámica

Wedi'i Gadw mewn:
Manylion Llyfryddiaeth
Prif Awdur: Shames, Irving Herman (Awdur)
Fformat: Llyfr
Iaith:Sbaeneg
Cyhoeddwyd: Madrid Prentice Hall Iberia 1999
Rhifyn:1a. ed
Pynciau:
Tagiau: Ychwanegu Tag
Dim Tagiau, Byddwch y cyntaf i dagio'r cofnod hwn!

MARC

LEADER 00000nam a2200000 a 4500
001 UCK3550
003 CL-VaPUC
008 050429e19990000SP |||||||||||||||||spa|d
020 |a 8483220458 
082 0 4 |a 620.1  |b SHA  |2 21 
100 0 |a Shames, Irving Herman  |e author  |9 491635 
245 1 0 |a Mecánica para ingenieros: dinámica 
250 |a 1a. ed 
300 |a 1075 p 
942 |c BK 
945 |d 20050429 00:00:00  |a cmena 
260 |a Madrid  |b Prentice Hall Iberia  |c 1999 
650 0 |a Dinámica  |9 260136 
650 0 |a Mecánica   |9 260096 
650 0 |a Mecánica aplicada  |9 260187 
583 |a last modification  |c 20050429 00:00:00  |k Rodrigo Vera 
999 |c 312682  |d 312680 
952 |0 0  |1 0  |4 0  |6 620_100000000000000_SHA_1999  |7 0  |8 R  |9 383336  |a BIBMEC  |b BIBMEC  |d 2019-11-21  |i 411633K  |o 620.1 SHA 1999  |p 411633K  |r 2024-01-19  |w 2019-11-21  |y BK_R  |k MEC 
952 |0 0  |1 0  |4 0  |6 620_100000000000000_SHA_1999  |7 0  |8 R  |9 383337  |a BIBMEC  |b BIBMEC  |d 2019-11-21  |i 4116348  |o 620.1 SHA 1999  |p 4116348  |r 2024-01-19  |w 2019-11-21  |y BK_R  |k MEC 
952 |0 0  |1 0  |4 0  |6 620_100000000000000_SHA_1999  |7 0  |8 R  |9 383338  |a BIBMEC  |b BIBMEC  |d 2019-11-21  |i 4116356  |o 620.1 SHA 1999  |p 4116356  |r 2024-01-19  |w 2019-11-21  |y BK_R  |k MEC